000 00839cab a2200277 4500
001 ABS59379
008 090401t1998 xxu||||| |||| 00| 0 eng d
035 _a(Sirsi) u89308
041 _aeng
100 _aChatfield, P.
245 _aPollution control in the construction industry
260 _c1998
350 _a0
490 _aFaculty of Building Journal
_v7(5) October 1998, 24-25(2)
520 _aReviews in what ways the construction industry creates environmental pollution, and the number of reported incidents in 1997.
650 _aCONSTRUCTION INDUSTRY
650 _aEMISSION CONTROLS
650 _aENVIRONMENT AGENCY
650 _aLAND CONTAMINATION
650 _aPOLLUTION
650 _aWASTE REGULATION
650 _aWATER POLLUTION
690 _aBUILT ENVIRONMENT
942 _n0
948 _c27/10/1998
999 _c56488
_d56488